Les stations du Métro de Toulouse sur une carte - Statistiques

Statistiques générales
  • Ce quiz a été pris 4 814 fois
  • Le résultat moyen est 27 sur 37
Réponses sur la Carte
Les réponses sont colorées sur une échelle allant du rouge au vert en fonction du pourcentage des utilisateurs qui les ont devinées à leur premier essai. Vous pouvez retrouver ces pourcentages ci-dessous.
 
Statistiques - réponses
Lignes Stations % Correct
A | B Jean Jaurès
97%
A Capitole
93%
A Balma - Gramont
89%
B Ramonville
85%
A Esquirol
84%
B Jeanne d'Arc
84%
A Basso Cambo
82%
B Borderouge
82%
B La Vache
82%
A Mirail - Université
82%
B Carmes
81%
A Marengo SNCF
81%
A Saint Cyprien République
81%
A Arènes
80%
B Trois Cocus
80%
B Université Paul Sabatier
79%
B François Verdier
77%
B Palais de Justice
76%
B Compans Caffarelli
75%
A Patte d'Oie
73%
B Faculté de pharmacie
72%
A Jolimont
71%
B Saint-Agne SNCF
71%
B Empalot
70%
B Saint Michel - Marcel Langer
70%
B Minimes Claude Nougaro
69%
B Canal du Midi
67%
A Roseraie
67%
B Rangueil
66%
B Saouzelong
63%
A Argoulets
61%
A Bagatelle
61%
A Reynerie
58%
B Barrière de Paris
56%
A Bellefontaine
54%
A Mermoz
53%
A Fontaine Lestang
52%
Aucun quiz correspondant
Distribution des résultats
% des personnes avec chaque résultat
Percentile par nombre de réponses
Votre historique - résultats
Vous n’avez pas pris ce quiz